MARC details
| 000 -LEADER |
| fixed length control field |
00914nam a22002057a 4500 |
| 003 - CONTROL NUMBER IDENTIFIER |
| control field |
OSt |
| 005 - DATE AND TIME OF LATEST TRANSACTION |
| control field |
20260224112542.0 |
| 008 - FIXED-LENGTH DATA ELEMENTS--GENERAL INFORMATION |
| fixed length control field |
250926b |||||||| |||| 00| 0 eng d |
| 040 ## - CATALOGING SOURCE |
| Transcribing agency |
0 |
| 082 ## - DEWEY DECIMAL CLASSIFICATION NUMBER |
| Classification number |
DPer 370.15 J826 October-November 2019 v. 111 n. 7-8 |
| 100 ## - MAIN ENTRY--PERSONAL NAME |
| Personal name |
Zhang, Xin. |
| 9 (RLIN) |
39981 |
| 245 ## - TITLE STATEMENT |
| Title |
Early adolescent social status and academic engagement : |
| Remainder of title |
selection and influence processes in the United States and China / |
| Statement of responsibility, etc. |
Xin Zhang, Eva M. Pomerantz, Lili Qin, Handrea Logis, Allison M. Ryan, and Meifang Wang. |
| 260 ## - PUBLICATION, DISTRIBUTION, ETC. (IMPRINT) |
| Place of publication, distribution, etc. |
Washington, DC ; |
| Name of publisher, distributor, etc. |
American Psychological Association , |
| Date of publication, distribution, etc. |
October 2019. |
| 300 ## - PHYSICAL DESCRIPTION |
| Extent |
Volume 111, pages 1300-1316 : |
| Other physical details |
illustration ; |
| Dimensions |
28 cm. |
| 500 ## - GENERAL NOTE |
| General note |
Journal of Educational Psychology, vol. 111, no. 7, pages 1300-1316, October 2019. |
| 650 #0 - SUBJECT ADDED ENTRY--TOPICAL TERM |
| Topical term or geographic name as entry element |
Early adolescents. |
| 9 (RLIN) |
68184 |
| 650 #0 - SUBJECT ADDED ENTRY--TOPICAL TERM |
| Topical term or geographic name as entry element |
Middle school students. |
| 9 (RLIN) |
67098 |
| 650 #0 - SUBJECT ADDED ENTRY--TOPICAL TERM |
| Topical term or geographic name as entry element |
Peer influence. |
| 9 (RLIN) |
68185 |
| 942 ## - ADDED ENTRY ELEMENTS (KOHA) |
| Source of classification or shelving scheme |
Dewey Decimal Classification |
| Koha item type |
Periodicals |